00234nam a2200097Ia 4500008004100000100001500041245002900056260002700085942000700112999001700119190216s9999||||xx |||||||||||||| ||und|| aKamaleswar 0aHindi-Subah Dophar Shyam bUniversity Of Calicut cBK c15572d15572